LEADER 01682nam0 2200361 i 450 001 SUN0113764 005 20180125025427.513 010 $d0.00 017 70$2N$a978-3-319-23303-1 100 $a20180118d2015 |0engc50 ba 101 $aeng 102 $aCH 105 $a|||| ||||| 200 1 $a*Self-oscillations in dynamic systems$ea new methodology via two-relay controllers$fLuis T. Aguilar ... [et al.] 205 $a[Cham] : Birkhäuser : Springer, 2015 210 $aXIV$d158 p. ; 24 cm 215 $aPubblicazione in formato elettronico 410 1$1001SUN0044798$12001 $a*Systems & control$efoundations & applications$1210 $aBoston$cBirkhäuser$d1989-. 606 $a34C25$xPeriodic solutions to ordinary differential equation [MSC 2020]$2MF$3SUNC022291 606 $a34D20$xStability of solutions to ordinary differential equation [MSC 2020]$2MF$3SUNC022916 606 $a93C10$xNonlinear systems in control theory [MSC 2020]$2MF$3SUNC029009 606 $a93B12$xVariable structure systems [MSC 2020]$2MF$3SUNC030966 606 $a93C80$xFrequency-response methods in control theory [MSC 2020]$2MF$3SUNC033717 620 $aCH$dCham$3SUNL001889 702 1$aAguilar$b, Luis T.$3SUNV080301 712 $aSpringer$3SUNV000178$4650 712 $aBirkhäuser$3SUNV000319$4650 801 $aIT$bSOL$c20210503$gRICA 856 4 $uhttp://dx.doi.org/10.1007/978-3-319-23303-1 912 $aSUN0113764 950 $aUFFICIO DI BIBLIOTECA DEL DIPARTIMENTO DI MATEMATICA E FISICA$d08CONS e-book 0421 $e08eMF421 20180118 996 $aSelf-oscillations in dynamic systems$91522777 997 $aUNICAMPANIA LEADER 01685oam 2200469M 450 001 9910716460303321 005 20200213071010.2 035 $a(CKB)5470000002521542 035 $a(OCoLC)1065641187 035 $a(OCoLC)995470000002521542 035 $a(EXLCZ)995470000002521542 100 $a20071213d1927 ua 0 101 0 $aeng 135 $aurcn||||||||| 181 $ctxt$2rdacontent 182 $cc$2rdamedia 183 $acr$2rdacarrier 200 10$aSale to Leroy Stafford of certain lands in Rapides Parish, La. February 28, 1927. -- Ordered to be printed 210 1$a[Washington, D.C.] :$c[U.S. Government Printing Office],$d1927. 215 $a1 online resource (2 pages) 225 1 $aSenate report / 69th Congress, 2nd session. Senate ;$vno. 1673 225 1 $a[United States congressional serial set] ;$v[serial no. 8687] 300 $aBatch processed record: Metadata reviewed, not verified. Some fields updated by batch processes. 300 $aFDLP item number not assigned. 606 $aLand tenure 606 $aLand titles 606 $aLegislative amendments 606 $aPublic land sales 608 $aLegislative materials.$2lcgft 615 0$aLand tenure. 615 0$aLand titles. 615 0$aLegislative amendments. 615 0$aPublic land sales. 701 $aNye$b Gerald P$g(Gerald Prentice),$f1892-1971$pRepublican (ND)$01386171 801 0$bWYU 801 1$bWYU 801 2$bOCLCO 801 2$bOCLCQ 906 $aBOOK 912 $a9910716460303321 996 $aSale to Leroy Stafford of certain lands in Rapides Parish, La. February 28, 1927. -- Ordered to be printed$93440926 997 $aUNINA LEADER 02390nam 22003613u 450 001 9910789131003321 005 20230126211907.0 010 $a1-78320-085-5 035 $a(CKB)3710000000083007 035 $a(EBL)3014885 035 $a(MiAaPQ)EBC3014885 035 $a(EXLCZ)993710000000083007 100 $a20151005d2014|||| u|| | 101 0 $aeng 135 $aur|n|---||||| 200 10$aRussia new fin de sie?cle$b[electronic resource] 210 $aBristol $cIntellect$d2014 215 $a1 online resource (268 p.) 300 $aDescription based upon print version of record. 327 $aCover -- Half Title -- Title -- Copyright -- Contents -- Acknowledgements -- Contributors Notes -- Introduction -- PART I: Written Discourse -- Chapter 1: The Function of the Soviet Experience in Post-Soviet Discourse -- Chapter 2: Cycles, Continuity and Change in Contemporary Russian Culture -- Chapter 3: Victor Pelevin and the Void -- Chapter 4: From Homo Zapiens to Media Sapiens: Post-Soviet Television in Russian Fiction -- PART II: Visual and Popular Culture -- Chapter 5: Afrika and Monroe: Post-Soviet Appropriation, East and West -- Chapter 6: Military Dandyism, Cosmism and Eurasian Imper-Art -- Chapter 7: Sweet Dreams: Retro Imagery on Chocolate Packaging in Post-Soviet Russia -- Chapter 8: Victory Day: Rituals and Practices of War Commemoration in Russia -- PART III: Cinematic Culture -- Chapter 9: A Kiss for the KGB: Putin as Cinematic Hero -- Chapter 10: "Address Your Questions to Dostoevsky": Privatizing Punishment in Russian Cinema -- Chapter 11: Freedom and Uncertainty: The Cinema of Slava Tsukerman -- Chapter 12: Muratova's Cinema before and after Perestroika: Deconstructing and Rebuilding Film Aesthetics -- Chapter 13: The Place of Action Must Not be Changed: Aleksei Balabanov's St Petersburg -- Index -- Back Cover. 606 $aSocial change$zRussia (Federation)$xHistory$y21st century 607 $aRussia (Federation)$xCivilization$y21st century 607 $aRussia (Federation)$xSocial conditions$y21st century 615 4$aSocial change$xHistory 676 $a303.40947 700 $aBeumers$b Birgit$01083561 801 0$bAU-PeEL 801 1$bAU-PeEL 801 2$bAU-PeEL 906 $aBOOK 912 $a9910789131003321 996 $aRussia new fin de sie?cle$93677693 997 $aUNINA